• 首页
  • 本馆介绍
  • 公告通知
  • 最新文献
  • 馆藏检索
  • 电子资源
  • 读者导购
  • 参考咨询
  • 我的图书馆
  • 登录
  • 详细信息显示
  • 放入我的书架
  • 预约/预借图书
  • 作者相关作品
  • 分类相关作品
  • 丛书相关作品
  • 出版社相关作品

书目信息

  • 表格格式
  • 工作单格式
  • 卡片格式
题名:
近代光学测试技术
    
 
作者: 杨国光 主编
分册:  
出版信息: 北京   机械工业出版社  1986.12
页数: 482页
开本: 26cm
丛书名:
单 册:
中图分类: TH741
科图分类:
主题词: 光学仪器
电子资源:
ISBN:
000 00521nam0 2200193 45
001 0312221749
005 20060511092658.01
010    @dCNY7.45
091    @a15033.6334
100    @a20031222d1986 km y0chiy0120 ea
101    @achi
200 1  @a近代光学测试技术@AJin Dai Guang Xue Ce Shi Ji Shu@f杨国光主编@FYang Guo Guang Zhu Bian
210    @a北京@c机械工业出版社@d1986.12
215    @a482页@d26cm
606 0  @a光学仪器
690    @aTH741@v3
701 0  @a杨国光@4主编
801    @aCN@bTSTCL@c20060511
905    @dTH741@e21
    
    近代光学测试技术/杨国光主编.-北京:机械工业出版社,1986.12
    482页;26cm
    
    
    ISBN :CNY7.45
    
●
相关链接 在E读中查询图书 在五车中查询图书 在当当中查询图书 在豆瓣中查询图书


正题名:近代光学测试技术     索取号:TH741/21         预约/预借

序号 登录号 条形码 馆藏地/架位号 状态 备注
1 0211188   001365944   第三借阅区/ [索取号:TH741/21] 在馆    
2 0211189   202313308   密集书库/ [索取号:TH741/21] 在馆    
3 0211190   202450418   第二样本阅览室/ [索取号:TH741/21] 在馆    
唐山师范学院图书馆 欢迎您!
大连网信软件有限公司© 版权所有